[Event "43rd Olympiad 2018"]
[Site "Batumi GEO"]
[Date "2018.09.26"]
[Round "3.8"]
[White "Smirin, I."]
[Black "Gretarsson, He"]
[Result "1-0"]
[WhiteElo "2594"]
[BlackElo "2448"]
[Annotator "Sammelsurium (6), OH"]
[PlyCount "45"]
[EventDate "2018.09.24"]
[EventType "team"]
[EventRounds "11"]
[EventCountry "GEO"]
[SourceTitle "The Week in Chess 1247"]
[Source "Mark Crowther"]
[SourceDate "2018.10.01"]
[SourceVersion "1"]
[SourceVersionDate "2018.10.01"]
[SourceQuality "2"]
[WhiteTeam "Israel"]
[BlackTeam "Iceland"]
[WhiteTeamCountry "ISR"]
[BlackTeamCountry "ISL"]

1. e4 g6 2. d4 Bg7 3. Nc3 d6 4. f4 a6 5. Nf3 b5 6. Bd3 Bb7 7. e5 Nd7 8. a4 b4
9. Ne4 c5 10. c3 Nh6 11. Qe2 (11. Be3 O-O 12. O-O Kh8 13. Qe2 cxd4 14. cxd4 Nb6
15. a5 Nd5 16. Bd2 Qd7 17. h3 f6 18. Ng3 fxe5 19. fxe5 Nf4 20. Bxf4 Rxf4 21.
Be4 Bxe4 22. Nxe4 Raf8 23. Rae1 Nf5 24. Qxa6 dxe5 25. dxe5 Nd4 26. Neg5 h6 27.
e6 Nxf3+ 28. Nxf3 Qc7 29. Rc1 Rxf3 30. Rxc7 Rxf1+ 31. Qxf1 Bd4+ 32. Kh2 Rxf1
33. Rxe7 Kg8 34. Rb7 Bg1+ 35. Kg3 Bc5 36. h4 Kf8 37. e7+ Ke8 38. Kg4 Bxe7 39.
a6 h5+ 40. Kh3 Ra1 41. a7 Kf7 42. g4 hxg4+ 43. Kxg4 Ra5 44. Kf4 Ke6 45. Rb6+
Bd6+ 46. Kg4 Rxa7 47. Kg5 Rh7 48. Rc6 Kd5 49. Rc2 Be7+ 50. Kxg6 Rxh4 51. Kf5
Bd6 52. Rd2+ Rd4 53. Rc2 Rf4+ 54. Kg5 Be5 55. Re2 Rf1 56. Rd2+ Bd4 57. Kg4 Rf2
{0-1 Molina Rodriguez,B (2036)-Alcaraz Ortega,J (2242)/Linares 2010/CBM 137
Extra}) (11. Neg5 cxd4 12. cxd4 Nb6 13. O-O O-O 14. a5 Nd5 15. Qe2 Bc8 16. Bc4
dxe5 17. fxe5 Kh8 18. Bd2 Nf5 19. Kh1 e6 {1/2-1/2 Persson,A (2104)-Zinchenko,Y
(2544)/Paleochora 2012/CBM 149 Extra}) 11... O-O 12. O-O cxd4 13. cxd4 a5 14.
Neg5 Nb6 $6 (14... e6 $142) 15. f5 $1 gxf5 $2 {Der Verlustzug.} (15... Nxf5
$142 16. e6 (16. Bxf5 gxf5 17. Nh4 e6 18. Qh5 h6 19. Ngf3 Kh7 $11) 16... Bd5
17. Nxh7 fxe6 18. Nxf8 Qxf8 19. Be4 $14) 16. e6 $1 Bc8 17. Nh4 $1 f6 {Diagramm
[#]} 18. Nxh7 $1 {Dieses Opfer sprengt die schwarze Königsstellung.} Re8 (18...
Kxh7 19. Bxh6 Bxh6 (19... Kxh6 20. Nxf5+ Kh7 21. Qh5+ Kg8 22. Nxe7+ Qxe7 23.
Qh7#) 20. Qh5 Bxe6 21. Qg6+ Kh8 22. Qxh6+ Kg8 23. Rf3 Bd5 24. Rg3+ Kf7 25. Qh5+
Ke6 26. Bxf5#) 19. Bxh6 {1:0. Schwarz gab auf, da der weiße Königsangriff
unwiderstehlich ist. Ein denkbarer Partieschluss:} Bxh6 (19... Kxh7 20. Qh5
Bxh6 21. Qxf5+ Kg7 22. Qh7+ Kf8 23. Ng6#) 20. Qh5 Kxh7 21. Qxf5+ Kg8 22. Qh7+
Kf8 23. Qh8# 1-0

[Event "43rd Olympiad 2018"]
[Site "Batumi GEO"]
[Date "2018.10.01"]
[Round "7.18"]
[White "Ragger, M."]
[Black "Kadric, D."]
[Result "1-0"]
[WhiteElo "2686"]
[BlackElo "2543"]
[Annotator "Sammelsurium (6), OH"]
[PlyCount "39"]
[EventDate "2018.09.24"]
[EventType "team"]
[EventRounds "11"]
[EventCountry "GEO"]
[SourceTitle "The Week in Chess 1247"]
[Source "Mark Crowther"]
[SourceDate "2018.10.01"]
[SourceVersion "1"]
[SourceVersionDate "2018.10.01"]
[SourceQuality "2"]
[WhiteTeam "Austria"]
[BlackTeam "Bosnia & Herzegovina"]
[WhiteTeamCountry "AUT"]
[BlackTeamCountry "BIH"]

1. e4 Nc6 2. Nf3 d6 3. d4 Nf6 4. Nc3 g6 5. Be3 Bg7 6. Qd2 O-O 7. d5 Nb8 8. Bh6
c6 9. h3 a6 (9... cxd5 10. Bxg7 Kxg7 11. exd5 Nbd7 12. Bc4 Qb6 13. Rb1 Nc5 14.
O-O Nce4 15. Nxe4 Nxe4 16. Qd3 {1/2-1/2 Soppe,G (2417)-Roselli Mailhe,B (2420)/
Colonia 2008/CBM 124 Extra}) 10. g4 Bxh6 11. Qxh6 b5 $6 {Ignoriert den weißen
Angriff.} (11... cxd5 $142 12. exd5 Nbd7 $14) 12. Ng5 e5 13. dxc6 Be6 14. h4 $1
Ra7 (14... Bxg4 15. Nd5 $18) 15. h5 Bxg4 {Diagramm [#]} 16. Nd5 $1 Re8 (16...
Z0 17. Nxf6+ $18) 17. c7 Rxc7 18. Nxc7 Qxc7 19. Nxh7 Qe7 (19... Nxh7 20. hxg6
fxg6 21. Qxg6+ Qg7 22. Qxe8+ $18) 20. hxg6 1-0

[Event "Olympiad Women 2018"]
[Site "Batumi GEO"]
[Date "2018.10.01"]
[Round "7.14"]
[White "Avramidou, Anastasia"]
[Black "Gunina, V."]
[Result "1-0"]
[WhiteElo "2260"]
[BlackElo "2528"]
[Annotator "Sammelsurium (6), OH"]
[PlyCount "43"]
[EventDate "2018.09.24"]
[EventType "team"]
[EventRounds "11"]
[EventCountry "GEO"]
[SourceTitle "The Week in Chess 1247"]
[Source "Mark Crowther"]
[SourceDate "2018.10.01"]
[SourceVersion "1"]
[SourceVersionDate "2018.10.01"]
[SourceQuality "2"]
[WhiteTeam "Greece"]
[BlackTeam "Russia"]
[WhiteTeamCountry "GRE"]
[BlackTeamCountry "RUS"]

1. d4 d5 2. c4 e6 3. Nc3 a6 4. cxd5 exd5 5. Nf3 Nf6 6. Bg5 Be6 7. e3 h6 $6 (
7... c5 8. Qb3 Nbd7 9. Qxb7 Be7 10. Be2 O-O 11. Qb3 Qa5 12. O-O Rfc8 13. Ne5
Bd6 14. Nxd7 Nxd7 15. Bf3 cxd4 16. exd4 Rab8 17. Qc2 Qb4 18. Rfd1 Bc7 19. Qd3
Nb6 {1/2-1/2 Zoldi,Z (2181)-Majzik,L (2295)/Hungary 2009/EXT 2010}) 8. Bxf6
Qxf6 9. Qb3 Ra7 10. Be2 Bd6 11. e4 dxe4 12. Nxe4 Qd8 $2 {Diagramm [#]} (12...
Bxb3 $142 13. Nxf6+ gxf6 14. axb3 Nc6 $11) 13. d5 $1 {Die Widerlegung des
schwarzen Spiels. Die Idee ist die Gabel auf e3 mit Gewinn des Turms auf a7.}
Bxd5 (13... Bc8 14. Nxd6+ Qxd6 15. Qe3+ Kd8 16. Qxa7 Qb4+ 17. Nd2 Qxb2 18. Rb1
$18) 14. Nxd6+ $1 (14. Qxd5 $4 Bb4+ 15. Qd2 Bxd2+ 16. Nexd2 O-O $19) 14... Qxd6
15. Qe3+ Kd7 16. Qxa7 Nc6 17. Qe3 Re8 18. Qd2 Bxf3 19. gxf3 Nd4 20. Qxd4 {1:0.}
Qxd4 21. Rd1 Qxd1+ 22. Kxd1 $18 1-0

[Event "43rd Olympiad 2018"]
[Site "Batumi GEO"]
[Date "2018.10.01"]
[Round "7.15"]
[White "Hillarp Persson, T."]
[Black "Laurusas, T."]
[Result "1-0"]
[WhiteElo "2544"]
[BlackElo "2484"]
[Annotator "Sammelsurium (6), OH"]
[PlyCount "71"]
[EventDate "2018.09.24"]
[EventType "team"]
[EventRounds "11"]
[EventCountry "GEO"]
[SourceTitle "The Week in Chess 1247"]
[Source "Mark Crowther"]
[SourceDate "2018.10.01"]
[SourceVersion "1"]
[SourceVersionDate "2018.10.01"]
[SourceQuality "2"]
[WhiteTeam "Sweden"]
[BlackTeam "Lithuania"]
[WhiteTeamCountry "SWE"]
[BlackTeamCountry "LTU"]

1. Nf3 d5 2. g3 Nf6 3. Bg2 g6 4. c4 c6 5. b3 Bg7 6. Bb2 O-O 7. O-O a5 8. Nc3
Ne4 9. Na4 Bxb2 10. Nxb2 Nd7 (10... b5 11. d3 Nc3 12. Qd2 b4 13. Nd1 Nxd1 14.
Rfxd1 Nd7 15. e4 e6 16. Qh6 Re8 17. Re1 Bb7 18. Rac1 a4 19. h4 axb3 20. axb3
Ra2 21. h5 Qf6 22. d4 dxe4 23. Rxe4 c5 24. Rf4 Qg7 25. Qxg7+ Kxg7 26. h6+ Kg8
27. Ng5 f6 28. Bxb7 fxg5 29. Rg4 cxd4 30. Rxg5 d3 31. Rd1 d2 32. Bc6 Rd8 33.
Rb5 Nb8 34. Bb7 Nd7 35. c5 Rc2 36. c6 Rc1 37. Kh2 Rxd1 38. c7 Rf8 {0-1 Maus,S 
(2400)-Beckemeier,W (2370)/Germany 1989/GER-chT}) (10... Na6 11. d3 Nf6 12. d4
Bf5 13. Ne5 Nc7 (13... Qd6 14. e3 Rad8 15. Qe2 Be4 16. f3 Bf5 17. g4 Bc8 18. f4
Nd7 19. c5 {1/2-1/2 Prusikin,M (2557)-Caruana,F (2690)/Switzlerand 2011/EXT
2012}) 14. Na4 h5 15. Rc1 Ne6 16. cxd5 cxd5 17. Nc5 Nxc5 18. Rxc5 Rc8 19. Rxc8
Qxc8 20. Qd2 b6 21. Rc1 Qb7 22. b4 axb4 23. Qxb4 Rc8 24. Rxc8+ Bxc8 25. Qb5 Kf8
26. e3 Qa6 27. Qc6 Qb7 28. Qxb7 Bxb7 29. Bf1 e6 30. f3 Ke7 31. Bb5 Bc8 32. h4
Bd7 33. Bd3 Ba4 34. Kf2 Nd7 35. Nxd7 Bxd7 36. e4 dxe4 37. fxe4 Kd6 38. e5+ Ke7
39. Ke3 Ba4 40. Kd2 Bc6 41. Kc3 Kd7 42. Kb4 Kc7 43. a4 Kd8 44. Be2 Kc7 45. Bb5
Bxb5 46. axb5 Kd7 47. Kc4 Ke7 48. Kd3 f6 49. Ke4 Kf7 50. exf6 Kxf6 51. d5 Ke7
52. Ke5 {1/2-1/2 Baramidze,D (2542)-L'Ami,E (2624)/Germany 2011/EXT 2012}) 11.
d3 Nef6 12. d4 b6 13. Rc1 Bb7 14. Nd3 Rc8 15. Nfe5 Nxe5 16. dxe5 Nd7 17. Qd2
dxc4 18. Rxc4 Nxe5 19. Rh4 h5 20. Rd1 Nxd3 21. Qh6 Qd6 22. Rxd3 Qf6 23. Be4 Ba6
24. Re3 Qg7 25. Qg5 Rcd8 26. Qxe7 Rd1+ 27. Kg2 Qa1 28. Bxc6 Rg1+ 29. Kf3 Qf1 $6
{Diagramm [#]} (29... Bc8 $142) 30. Kf4 $3 {Der Auftakt für ein faszinierendes
weißes Angriffskonzept. Der Monarch des Anziehenden soll hier als
Angriffsfigur beim Mattangriff fungieren. Der weiße Plan ist Kg5, Tf4, Kh6,
Df6 und Dg7 Matt.} Qxf2+ $2 {Danach geht der weiße Plan auf. Nach} (30... Qa1
$1 $11 {kann sich Schwarz dagegen noch erfolgreich gegen den weißen
Königsmarsch verteidigen, da der Nachziehende mit seiner Dame das wichtige
Feld auf f6 kontrolliert.}) 31. Kg5 $1 {Plangemäß.} Kg7 32. Rf4 $1 Qxh2 33.
Qf6+ Kh7 {Diagramm [#]} 34. Qxg6+ $3 {Ein Keulenschlag.} Kh8 (34... fxg6 35.
Re7+ Kg8 (35... Rf7 36. Rexf7+ Kg8 37. Rf8+ Kg7 38. R4f7#) (35... Kh8 36. Rxf8#
) 36. Bd5+ Rf7 (36... Kh8 37. Rxf8#) 37. Re8+ Kg7 38. Rxf7#) 35. Kh6 $3 {
Diagramm [#] Die Krönung des weißen Angriffs. Schwarz gab auf (1:0), da das
Matt nicht mehr zu verhindern ist.} fxg6 (35... Rg8 36. Qh7#) 36. Rxf8# {
Ein eindrucksvolles Beispiel für einen König als Angriffsfigur im Mittelspiel.}
1-0

[Event "Olympiad Women 2018"]
[Site "Batumi GEO"]
[Date "2018.10.05"]
[Round "11.1"]
[White "Shen Yang"]
[Black "Goryachkina, A."]
[Result "0-1"]
[WhiteElo "2464"]
[BlackElo "2535"]
[Annotator "Sammelsurium (6), OH"]
[PlyCount "86"]
[EventDate "2018.09.24"]
[EventType "team"]
[EventRounds "11"]
[EventCountry "GEO"]
[SourceTitle "The Week in Chess 1248"]
[Source "Mark Crowther"]
[SourceDate "2018.10.08"]
[SourceVersion "3"]
[SourceVersionDate "2018.10.08"]
[SourceQuality "2"]
[WhiteTeam "China"]
[BlackTeam "Russia"]
[WhiteTeamCountry "CHN"]
[BlackTeamCountry "RUS"]

1. d4 d5 2. Nf3 Nf6 3. c4 c6 4. e3 Bf5 5. Nc3 e6 6. Nh4 Bg6 7. Nxg6 hxg6 8. Rb1
(8. Bd3 Nbd7 9. O-O Bd6 10. h3 dxc4 11. Bxc4 O-O 12. Qc2 Qe7 13. Rd1 Rac8 14.
Bd2 Nb6 15. Bf1 e5 16. dxe5 Bxe5 17. Rac1 Rcd8 18. Be1 Rxd1 19. Rxd1 Rd8 20.
Rxd8+ Qxd8 21. g3 Qe7 22. Bg2 Bd6 23. Bd2 Qe6 24. b3 Nbd5 25. Ne2 Nb4 26. Qb1
Qf5 27. e4 Qc5 28. Nf4 g5 29. Ne2 g4 30. h4 Nd7 31. Be3 Qc2 32. Qxc2 Nxc2 33.
Bxa7 Ba3 34. Nc3 Bb2 35. Nd1 Bc1 36. Bf1 Nb4 37. a4 Nf6 38. e5 Nd7 39. Bd4 Nc2
40. Bc3 Nc5 41. Be2 Ne4 42. Bxg4 Nxc3 43. Nxc3 Bb2 44. e6 fxe6 45. Bxe6+ Kf8
46. Ne4 Nd4 47. Ng5 Ke7 48. Bg8 Kf8 49. Bc4 Ke7 50. Kg2 b5 51. Bg8 Kf8 52. a5 {
1-0 Carlsen,M (2835)-Gelfand,B (2739)/Wijk aan Zee 2012/CBM 147}) (8. Bd2 Nbd7
9. Rc1 a6 10. Bd3 dxc4 11. Bxc4 b5 12. Be2 c5 13. Bf3 Rb8 14. Ne2 Bd6 15. g3
O-O 16. O-O e5 17. dxc5 Nxc5 18. Bb4 Qb6 19. Nc3 Nb7 20. Bxd6 Nxd6 21. Nd5 Nxd5
22. Bxd5 Rbc8 23. Qg4 Nf5 24. Qe4 Qf6 25. Rfd1 Nd6 26. Qb4 Rfd8 27. a4 bxa4 28.
Qxa4 Rxc1 29. Rxc1 Nb5 30. Rd1 Nc7 31. Bc4 Rd6 32. Rxd6 Qxd6 33. Qb3 Ne6 34. h4
e4 35. Bd5 g5 36. h5 g4 37. Bxe4 Ng5 38. Qd5 Nxe4 39. Qxe4 Qd1+ 40. Kg2 Kf8 41.
Qa8+ Ke7 42. Qb7+ Ke8 43. Qxa6 Qd5+ 44. Kg1 Qxh5 45. Qc6+ Kd8 46. e4 Ke7 47.
Qc7+ Ke6 48. Qc8+ Ke7 49. Qb7+ Ke8 50. b4 Qg5 51. Qc6+ Ke7 52. b5 Qd2 53. Qc5+
Qd6 54. Qg5+ {1-0 Kasparov,G (2804)-Vallejo Pons,F (2686)/Linares 2005/CBM 106}
) (8. g3 Nbd7 9. a3 Be7 10. Bd3 O-O 11. O-O Rc8 12. c5 e5 13. f4 e4 14. Be2 Ne8
15. g4 g5 16. f5 g6 17. fxg6 fxg6 18. Rxf8+ Kxf8 19. Bd2 Ndf6 20. Qa4 Ra8 21.
Be1 Qd7 22. h3 Bd8 23. b4 a6 24. b5 Nc7 25. bxc6 bxc6 26. Bg3 Ne6 27. Rf1 Ke8
28. Kg2 Ng8 29. Qb4 a5 30. Qb1 Bc7 31. Nb5 Bxg3 32. Kxg3 Ke7 33. Nd6 Nf6 34.
Qb6 Qc7 35. Rb1 Nd7 36. Qxc7 Nxc7 37. Rb7 Ne8 38. Nxe8 Kxe8 39. Rc7 Rb8 40.
Rxc6 Rb3 41. Kf2 Kd8 42. Rxg6 Rxa3 43. Rxg5 a4 44. Rxd5 Kc7 45. Rd6 Ra1 46. Ra6
a3 47. g5 Nf8 48. g6 {1-0 Ivanchuk,V (2781)-Grischuk,A (2728)/Moscow 2008/CBM
126 Extra}) 8... Qc7 9. g3 Nbd7 10. c5 e5 11. b4 a6 12. Be2 Be7 13. a4 Nf8 14.
Bb2 e4 15. b5 Ne6 16. bxa6 bxa6 17. Ba3 Nd7 18. Qb3 Rb8 19. Qc2 Rxb1+ 20. Qxb1
O-O 21. Qc2 Qc8 22. Qd2 Bd8 23. Na2 a5 24. Nc1 f5 25. Nb3 Qb7 26. Qc3 $6 (26.
Nxa5 Bxa5 27. Qxa5 Ra8 28. Qc3 Rxa4 29. O-O $11 {ist wahrscheinlich sicherer
für Weiß.}) 26... Nf6 27. Bc1 $6 (27. O-O $142 $11) 27... g5 28. Bd2 {[#]} f4
$1 {Reißt die weiße Königsstellung auf.} 29. gxf4 gxf4 30. h3 Bc7 31. Kd1 Rb8
32. Kc2 $2 {Der Verlustzug.} ({Hartnäckiger ist hier} 32. Nc1 fxe3 33. fxe3 Ng5
34. Be1 Nf3 35. Rf1 Nxe1 36. Rxe1 Qb1 $17 {und Weiß kann noch ein wenig
Widerstand leisten.}) 32... f3 $1 33. Bf1 {Diagramm [#]} Nxc5 $1 {Der
entscheidende Durchbruch in das weiße Lager.} 34. dxc5 {Diagramm [#]} (34. Qxc5
$4 Qxb3+ 35. Kc1 Qb1#) (34. Nxc5 $4 Qb1#) 34... Be5 $1 {Die Pointe des
schwarzen Opfers auf c5.} 35. Ba6 (35. Qxe5 $4 Qxb3+ 36. Kc1 Qb1#) (35. Nd4 $4
Qb1#) 35... Qxa6 36. Qxe5 Qd3+ 37. Kc1 Qxb3 ({Noch stärker ist} 37... Rxb3 {
z. B.} 38. Qa1 Ra3 39. Qb2 Rxa4 40. Qb8+ Kh7 41. Qb2 Rc4+ 42. Kd1 Qe2#) 38. Qa1
{[#]} d4 $1 39. exd4 e3 40. Bxe3 (40. fxe3 Qc4+ 41. Kd1 f2 42. Qc1 f1=Q+ 43.
Rxf1 Qxf1+ $19) 40... Rb4 41. Rg1 Rc4+ {0:1.} 42. Kd2 Qc2+ 43. Ke1 Qe2# 0-1

[Event "Olympiad Women 2018"]
[Site "Batumi GEO"]
[Date "2018.10.02"]
[Round "8.27"]
[White "Berend, E."]
[Black "Paehtz, E."]
[Result "1/2-1/2"]
[WhiteElo "2300"]
[BlackElo "2513"]
[Annotator "Kombiecke 39 OH"]
[PlyCount "140"]
[EventDate "2018.09.24"]
[EventType "team"]
[EventRounds "11"]
[EventCountry "GEO"]
[SourceTitle "The Week in Chess 1248"]
[Source "Mark Crowther"]
[SourceDate "2018.10.08"]
[SourceVersion "3"]
[SourceVersionDate "2018.10.08"]
[SourceQuality "2"]
[WhiteTeam "Luxembourg"]
[BlackTeam "Germany"]
[WhiteTeamCountry "LUX"]
[BlackTeamCountry "GER"]

1. Nf3 Nf6 2. g3 g6 3. Bg2 Bg7 4. O-O O-O 5. d4 d5 6. c3 b6 7. a4 a5 8. Ne5 Bb7
9. Na3 Ne4 10. Qc2 e6 11. f3 Nd6 12. Be3 c5 13. Bf2 Na6 14. Qd1 cxd4 15. cxd4
Rc8 16. Nb1 Nb4 17. Nc3 Ba6 18. Kh1 f6 19. Nd3 Bxd3 20. exd3 Qd7 21. Re1 Rfe8
22. Qd2 f5 23. Rec1 Rc7 24. Be3 Rec8 25. Bf1 Rc6 26. Re1 Bf6 27. Rac1 Nf7 28.
f4 Nd6 29. Bg1 Kf7 30. Bg2 R6c7 31. Ra1 b5 32. Qd1 Re8 33. Re2 bxa4 34. Nxa4
Qb5 35. Nc5 Nb7 36. Ra3 Nxc5 37. dxc5 d4 38. c6 Nxc6 39. Rc2 Rec8 40. Qc1 Bd8
41. Qe1 Be7 42. Ra1 Nb4 43. Rxc7 Rxc7 44. Bxd4 Rd7 45. Qe5 Qxe5 46. Bxe5 Nxd3
47. Bc6 Nxe5 48. Bxd7 Nxd7 49. Rxa5 Nf6 50. Ra8 h6 51. Kg2 Nd5 52. Kf3 g5 53.
fxg5 hxg5 54. g4 Kf6 55. gxf5 Kxf5 56. h3 e5 57. Ra5 e4+ 58. Kf2 Ke5 59. Kg3
Kd4 60. Ra1 e3 61. Kf3 Bb4 62. Rg1 Be7 63. h4 gxh4 {Diagramm [#]} 64. Rd1+ Ke5
65. Rxd5+ Kxd5 66. Kxe3 h3 67. Kf2 Bd6 68. Kg1 Kc4 69. b4 Kxb4 70. Kh1 Bh2
1/2-1/2

[Event "29th Czech Open A 2018"]
[Site "Pardubice CZE"]
[Date "2018.07.24"]
[Round "5.23"]
[White "Schlosser, P."]
[Black "Manik, M."]
[Result "1-0"]
[WhiteElo "2501"]
[BlackElo "2400"]
[Annotator "Kombiecke 39 OH"]
[PlyCount "65"]
[EventDate "2018.07.20"]
[EventType "swiss"]
[EventRounds "9"]
[EventCountry "CZE"]
[SourceTitle "The Week in Chess 1238"]
[Source "Mark Crowther"]
[SourceDate "2018.07.30"]
[SourceVersion "2"]
[SourceVersionDate "2018.07.31"]
[SourceQuality "2"]

1. d4 Nf6 2. Nf3 g6 3. Bf4 c5 4. e3 cxd4 5. exd4 Bg7 6. c3 O-O 7. Nbd2 Nc6 8.
Be2 d5 9. O-O Bg4 10. h3 Bxf3 11. Nxf3 Rc8 12. Re1 e6 13. Bd3 a6 14. a4 Na5 15.
Re2 Nd7 16. h4 Nf6 17. g3 Qb6 18. Bg5 Qb3 19. Qb1 Rfe8 20. Kg2 Qb6 21. Bxf6
Bxf6 22. h5 Kg7 23. Qh1 Nc6 24. Qh3 Ne7 25. Rh1 Rh8 26. Qg4 Qc7 27. Ne5 Bxe5
28. Rxe5 Rhg8 29. Qf3 Qd6 30. hxg6 hxg6 {Diagramm [#]} 31. Rh7+ Kxh7 32. Qxf7+
Kh6 33. Re1 1-0

[Event "11th Asrian Memorial 2018"]
[Site "Jermuk ARM"]
[Date "2018.06.21"]
[Round "1.23"]
[White "Tutisani, Noe"]
[Black "Davtyan, Arsen"]
[Result "1-0"]
[WhiteElo "2469"]
[BlackElo "1881"]
[Annotator "Kombiecke 39 OH"]
[PlyCount "45"]
[EventDate "2018.06.21"]
[EventType "swiss"]
[EventRounds "9"]
[EventCountry "ARM"]
[SourceTitle "The Week in Chess 1234"]
[Source "Mark Crowther"]
[SourceDate "2018.07.02"]
[SourceVersion "1"]
[SourceVersionDate "2018.07.02"]
[SourceQuality "2"]

1. e4 c6 2. d4 d5 3. Nc3 dxe4 4. Nxe4 Nd7 5. Nf3 Ngf6 6. Ng3 e6 7. Bd3 c5 8.
O-O cxd4 9. Nxd4 Bc5 10. Nb3 Be7 11. Qe2 O-O 12. Bf4 Nd5 13. Bd2 Qc7 14. f4 Nc5
15. Nxc5 Qxc5+ 16. Kh1 Bd7 17. Ne4 Qb6 18. c4 Nb4 {Diagramm [#]} 19. c5 Bxc5
20. Nf6+ gxf6 21. Bxh7+ Kxh7 22. Qh5+ Kg7 23. Qg4+ 1-0

[Event "43rd Olympiad 2018"]
[Site "Batumi GEO"]
[Date "2018.09.24"]
[Round "1.43"]
[White "Frick, R."]
[Black "Maghalashvili, Da"]
[Result "0-1"]
[WhiteElo "2058"]
[BlackElo "2508"]
[Annotator "Kombiecke 39 OH"]
[PlyCount "42"]
[EventDate "2018.09.24"]
[EventType "team"]
[EventRounds "11"]
[EventCountry "GEO"]
[SourceTitle "The Week in Chess 1246"]
[Source "Mark Crowther"]
[SourceDate "2018.09.24"]
[SourceVersion "1"]
[SourceVersionDate "2018.09.24"]
[SourceQuality "2"]
[WhiteTeam "Liechtenstein"]
[BlackTeam "Georgia 2"]
[WhiteTeamCountry "LIE"]

1. e4 c5 2. Nf3 d6 3. d4 cxd4 4. Nxd4 Nf6 5. Nc3 Nc6 6. Be2 e5 7. Nb3 Be7 8.
Be3 Be6 9. f3 O-O 10. Nd5 Bxd5 11. exd5 Nb4 12. c4 a5 13. Nd2 Nd7 14. O-O f5
15. Kh1 Bg5 16. Bg1 Qf6 17. Nb1 Qh6 18. Nc3 Bf4 19. Rb1 Nf6 20. a3 Nh5 21. Bf2
{Diagramm [#]} Bxh2 0-1

[Event "12th Philadelphia Int"]
[Site "Philadelphia USA"]
[Date "2018.06.28"]
[Round "1.4"]
[White "King, Alexander"]
[Black "Mikhalevski, V."]
[Result "1-0"]
[WhiteElo "2236"]
[BlackElo "2581"]
[Annotator "Kombiecke 39 OH"]
[PlyCount "47"]
[EventDate "2018.06.28"]
[EventType "swiss"]
[EventRounds "9"]
[EventCountry "USA"]
[SourceTitle "The Week in Chess 1234"]
[Source "Mark Crowther"]
[SourceDate "2018.07.02"]
[SourceVersion "1"]
[SourceVersionDate "2018.07.02"]
[SourceQuality "2"]

1. d4 Nf6 2. c4 e6 3. Nc3 Bb4 4. e3 O-O 5. Bd3 d5 6. Nf3 c5 7. O-O cxd4 8. exd4
dxc4 9. Bxc4 b6 10. Bg5 Bb7 11. Re1 Nc6 12. a3 Bxc3 13. bxc3 Rc8 14. Bd3 Na5
15. Re3 Nc4 16. Bxc4 Rxc4 17. Ne5 Qd5 18. Qf1 Rc7 19. c4 Qxd4 20. Rd1 Qb2 {
Diagramm [#]} 21. Bxf6 gxf6 22. Qd3 fxe5 23. Rg3+ Kh8 24. Qd8 1-0